| 000 | 00000nam 2200000zi 4500 |
| 001 | 9.932270 |
| 003 | CaOODSP |
| 005 | 20240214115109 |
| 006 | m o d f |
| 007 | cr |n||||||||| |
| 008 | 240110e202402##oncdb ob f00| 0 fre d |
| 020 | |a9780660695624 |
| 040 | |aCaOODSP|bfre|erda|cCaOODSP |
| 043 | |an-cn-on |
| 086 | 1 |aFs70-5/2024-006F-PDF |
| 100 | 1 |aColm, J., |eauteur. |
| 245 | 10|aRenseignements à l'appui d'une évaluation actualisée du potentiel de rétablissement du chat-fou du Nord (Noturus stigmosus) au Canada, 2012-2021 / |cJulia E. Colm, Kristin E. Thiessen, et D. Andrew R. Drake. |
| 264 | 1|aOttawa (Ontario) : |bSecrétariat canadien de consultation scientifique (SCCS), |cfévrier 2024. |
| 264 | 4|c©2024 |
| 300 | |a1 ressource en ligne (v, 53 pages) : |bcartes, graphiques. |
| 336 | |atexte|btxt|2rdacontent/fre |
| 337 | |ainformatique|bc|2rdamedia/fre |
| 338 | |aressource en ligne|bcr|2rdacarrier/fre |
| 490 | 1 |aDocument de recherche, |x2292-4272 ; |v2024/006 |
| 500 | |aPublié aussi en anglais sous le titre : Information in support of an updated recovery potential assessment of northern madtom (Noturus stigmosus) in Canada, 2012-2021. |
| 504 | |aComprend des références bibliographiques (pages 45-53). |
| 650 | 6|aChat-fou du Nord|xConservation|zOntario. |
| 650 | 6|aFaune|xRétablissement|zOntario. |
| 710 | 2 |aSecrétariat canadien de consultation scientifique, |eorganisme de publication. |
| 710 | 1 |aCanada. |bMinistère des pêches et des océans. |bRégion de l'Ontario et des Prairies, |eorganisme de publication. |
| 775 | 08|tInformation in support of an updated recovery potential assessment of northern madtom (Noturus stigmosus) in Canada, 2012-2021 / |w(CaOODSP)9.932269 |
| 830 | #0|aDocument de recherche (Secrétariat canadien de consultation scientifique)|v2024/006.|w(CaOODSP)9.503788 |
| 856 | 40|qPDF|s1.11 Mo|uhttps://publications.gc.ca/collections/collection_2024/mpo-dfo/fs70-5/Fs70-5-2024-006-fra.pdf |